Mức độ đóng góp của cộng đồng vào các công trình giao thông nông thôn tại tỉnh Hậu Giang : Luận văn Thạc sĩ Kinh tế. Chuyên ngành Tài chính Ngân hàng

Đánh giá thực trạng về mức độ đóng góp của cộng đồng trong các công trình giao thông nông thôn, xác định các yếu tố ảnh hưởng đến mức độ đóng góp của cộng đồng và đề xuất các giải pháp đẩy mạnh sự tham gia của cộng đồng vào các côn...

Full beskrivning

Sparad:
Bibliografiska uppgifter
Huvudupphovsman: Nguyễn, Thị Trung Thu
Materialtyp: Bok
Språk:Undetermined
Publicerad: Cần Thơ Trường Đại học Cần Thơ 2017
Ämnen:
Taggar: Lägg till en tagg
Inga taggar, Lägg till första taggen!
Thư viện lưu trữ: Trung tâm Học liệu Trường Đại học Cần Thơ
LEADER 01269nam a2200205Ia 4500
001 CTU_224071
008 210402s9999 xx 000 0 und d
082 |a 307.1 
082 |b Th500 
088 |a 60340201 
100 |a Nguyễn, Thị Trung Thu 
245 0 |a Mức độ đóng góp của cộng đồng vào các công trình giao thông nông thôn tại tỉnh Hậu Giang : 
245 0 |b Luận văn Thạc sĩ Kinh tế. Chuyên ngành Tài chính Ngân hàng 
245 0 |c Nguyễn Thị Trung Thu ; Nguyễn Hữu Đặng (Cán bộ hướng dẫn) 
260 |a Cần Thơ 
260 |b Trường Đại học Cần Thơ 
260 |c 2017 
520 |a Đánh giá thực trạng về mức độ đóng góp của cộng đồng trong các công trình giao thông nông thôn, xác định các yếu tố ảnh hưởng đến mức độ đóng góp của cộng đồng và đề xuất các giải pháp đẩy mạnh sự tham gia của cộng đồng vào các công trình giao thông nông thôn. 
650 |a Phát triển nông thôn,Rural development 
980 |a Trung tâm Học liệu Trường Đại học Cần Thơ